Physical principles of thermodynamics (Record no. 3341)

000 -LEADER
fixed length control field 00401nam a22001577a 4500
008 - FIXED-LENGTH DATA ELEMENTS--GENERAL INFORMATION
fixed length control field 200609b ||||| |||| 00| 0 eng d
082 00 - DEWEY DECIMAL CLASSIFICATION NUMBER
Classification number 536.7
Item number S6421
100 ## - MAIN ENTRY--PERSONAL NAME
9 (RLIN) 1712
Personal name Smith, R. A.
245 10 - TITLE STATEMENT
Title Physical principles of thermodynamics
250 ## - EDITION STATEMENT
Edition statement 1st ed.
260 ## - PUBLICATION, DISTRIBUTION, ETC. (IMPRINT)
Place of publication, distribution, etc London
Name of publisher, distributor, etc Chapman
Date of publication, distribution, etc 1952
300 ## - PHYSICAL DESCRIPTION
Extent xiii,280p.
365 ## - TRADE PRICE
Unit of pricing 22.94
650 #0 - SUBJECT ADDED ENTRY--TOPICAL TERM
Topical term or geographic name as entry element Thermodynamics
942 ## - ADDED ENTRY ELEMENTS (KOHA)
Item type Books
Holdings
Withdrawn status Lost status Source of classification or shelving scheme Damaged status Not for loan Permanent location Current location Date acquired Source of acquisition Full call number Barcode Date last seen Koha item type
          IMU Kolkata IMU Kolkata 1958-02-20 Bailey books and suppliers 536.7 S6421 02388 2020-06-09 Books
Designed and Maintained by IMU-KC Library, Kolkata Campus © Copyright All Rights Reserved

webs counters

Powered by Koha